Loading...
| History - World | 1 | 4 | 2 | 2 | 45 | 74 | 112.00 | 0 | 2 | 7.99 | 19.05 |
| Current Events | 2 | 1 | 1 | 0 | 35 | 48 | 61.67 | 0 | 2 | 24.38 | 22.45 |
| Geography | 1 | 2 | 0 | 0 | 35 | 38 | 78.00 | 2 | 3 | 17.86 | 33.93 |
| History - American | 1 | 2 | 0 | 0 | 35 | 72 | 88.33 | 1 | 1 | 14.72 | 23.21 |
| History - European | 1 | 3 | 2 | 1 | 35 | 73 | 78.00 | 0 | 2 | 18.39 | 22.86 |
| Philosophy | 0 | 3 | 0 | 1 | 30 | 91 | 124.67 | 0 | 0 | 3.64 | 4.29 |
| Science - Chemistry | 0 | 2 | 0 | 0 | 20 | 126 | 127.00 | 0 | 0 | 1.25 | 2.86 |
| Literature - Drama | 0 | 1 | 0 | 0 | 10 | 166 | 166.00 | 0 | 0 | 0.07 | 5.36 |
| History - Other | 0 | 1 | 0 | 0 | 10 | 92 | 92.00 | 0 | 0 | 5.79 | 7.14 |
| Fine Arts - Painting and Sculpture | 0 | 1 | 0 | 0 | 10 | 104 | 104.00 | 0 | 0 | 3.20 | 2.86 |
| Other Academic | 0 | 1 | 0 | 0 | 10 | 98 | 98.00 | 0 | 0 | 2.95 | 1.43 |
| Religion | 0 | 1 | 0 | 0 | 10 | 90 | 90.00 | 1 | 1 | 4.46 | 12.50 |
| Literature - Poetry | 0 | 1 | 0 | 1 | 10 | 170 | 170.00 | 0 | 0 | 0.06 | 1.43 |
| Social Science | 0 | 2 | 3 | 0 | 5 | 131 | 136.50 | 0 | 0 | 0.47 | 4.76 |
| Mythology | 0 | 1 | 1 | 1 | 5 | 119 | 119.00 | 0 | 1 | 1.69 | 10.20 |
| Literature - Long Fiction | 0 | 0 | 0 | 0 | 0 | 0.00 | 0 | 0 | 0.00 | 0.00 |